Els Concilis ilerdenses de la província eclesiàstica tarraconense a l'edat mitjana (546 - 1460) / estudi i edició a cura de Roser Sabanés i Fernández
ISBN:
978-84-9779-843-3
Descripción Física:
348 p. ; 24 cm
Colección:
Estudis ; 52
Otros Autores:
Fundació Noguera
MARC
| LEADER | 00000nam a2200000Ia 4500 | ||
|---|---|---|---|
| 001 | 22738 | ||
| 008 | 160829s2009 xx 000 0 cat d | ||
| 020 | |a 978-84-9779-843-3 | ||
| 080 | |a H-3-109 | ||
| 100 | |a Sabanés Fernández, Roser |9 45458 | ||
| 245 | |a Els Concilis ilerdenses de la província eclesiàstica tarraconense a l'edat mitjana (546 - 1460) / estudi i edició a cura de Roser Sabanés i Fernández | ||
| 260 | |a Barcelona : |b Fundació Noguera ; Lleida : |b Pagès Editors, |c 2009 | ||
| 300 | |a 348 p. ; |c 24 cm | ||
| 490 | |a Estudis ; 52 | ||
| 590 | |a Bibliografia | ||
| 650 | |a Concilis i sínodes |x Lleida |x Història |x Fins al 1500 |9 45459 | ||
| 650 | |a Església Catòlica |x Catalunya |x Història |x 600-1500, Edat mitjana |9 45460 | ||
| 700 | |a Fundació Noguera |9 70407 | ||
| 901 | |a Arxiu | ||
| 942 | |n 1 | ||
| 952 | |0 0 |1 0 |4 0 |6 H3109 |7 1 |9 52612 |a Arxiu |b Arxiu |d 2016-12-01 |l 0 |o H-3-109 |p 22738 |r 2016-12-01 00:00:00 |w 2016-12-01 |y ARXIU | ||
| 999 | |c 56461 |d 56461 | ||